[Event "HUN-chT2 Szechenyi 0506"]
[Site "Hungary"]
[Date "2005.11.27"]
[Round "4"]
[White "Kaman, Laszlo"]
[Black "Takacs, Balazs"]
[Result "0-1"]
[WhiteElo "2104"]
[BlackElo "2150"]
[PlyCount "114"]
[EventDate "2005.10.16"]
[EventType "team"]
[EventRounds "11"]
[EventCountry "HUN"]
[SourceTitle "EXT 2009"]
[Source "ChessBase"]
[SourceDate "2008.11.26"]
[SourceVersion "1"]
[SourceVersionDate "2008.11.26"]
[SourceQuality "1"]
[WhiteTeam "Lenti"]
[BlackTeam "Kvarosi Zeg"]
[WhiteTeamCountry "HUN"]
[BlackTeamCountry "HUN"]

1. d4 d5 2. f4 c5 3. e3 Nc6 4. c3 Nf6 5. Nf3 e6 6. Bd3 c4 7. Bc2 b5 8. 0-0 Bb7 9. Nbd2 Ng4 10. Qe2 f5 11. Ne5 Ngxe5 12. fxe5 h5 13. b3 Be7 14. a4 a6 15. axb5 axb5 16. Rxa8 Qxa8 17. bxc4 bxc4 18. e4 fxe4 19. Nxe4 dxe4 20. Bxe4 Kd7 21. d5 exd5 22. Rd1 Nd4 23. Rxd4 Bc5 24. Bf5+ Kc7 25. e6 Bxd4+ 26. cxd4 Qa1 27. Qe5+ Kb6 28. Qd6+ Ka7 29. Qc5+ Ka8 30. Qa3+ Qxa3 31. Bxa3 Bc6 32. Bd6 Kb7 33. Be5 Rg8 34. Bg6 c3 35. Bxh5 c2 36. Bf4 Ra8 37. Kf2 Rf8 38. Bf7 Be8 39. Bc1 Bxf7 40. exf7 Rxf7+ 41. Ke3 Rf1 42. Kd2 Rf2+ 43. Kc3 Rxg2 44. h4 Rh2 45. h5 Rxh5 46. Kxc2 Rh3 47. Bf4 Kc6 48. Be5 g5 49. Kd2 g4 50. Ke2 Rf3 51. Bg7 Kd7 52. Bh8 Ke6 53. Be5 Kf5 54. Bd6 Ke4 55. Be5 g3 56. Bd6 g2 57. Bh2 Rf1 0-1

[Event "HUN-chT2 Charousek 0405"]
[Site "Hungary"]
[Date "2004.12.19"]
[Round "5"]
[White "Kaman, Laszlo"]
[Black "Nagy, Ferenc"]
[Result "1/2-1/2"]
[WhiteElo "2159"]
[BlackElo "2108"]
[PlyCount "54"]
[EventDate "2004.09.26"]
[EventType "team"]
[EventRounds "11"]
[EventCountry "HUN"]
[SourceTitle "EXT 2008"]
[Source "ChessBase"]
[SourceDate "2007.11.25"]
[SourceVersion "1"]
[SourceVersionDate "2007.11.25"]
[SourceQuality "1"]
[WhiteTeam "Lenti"]
[BlackTeam "Geniusz Tata"]
[WhiteTeamCountry "HUN"]
[BlackTeamCountry "HUN"]

1. d4 d5 2. f4 Nf6 3. Nf3 e6 4. e3 b6 5. c3 Bb7 6. Bd3 Be7 7. 0-0 0-0 8. Nbd2 c5 9. Re1 a6 10. Ne5 Nfd7 11. Qh5 f5 12. Qf3 Nf6 13. g4 Ne4 14. g5 Nd7 15. Nxd7 Qxd7 16. h4 g6 17. Be2 h6 18. Nxe4 dxe4 19. Qg3 hxg5 20. hxg5 Kf7 21. Kf2 Rh8 22. Bd2 Rh7 23. Rh1 Rah8 24. Qg2 Bf8 25. Rxh7+ Rxh7 26. Rh1 Kg8 27. Rxh7 Kxh7 1/2-1/2

[Event "HUN-chT2 Szechenyi 0304"]
[Site "Hungary"]
[Date "2003.12.07"]
[Round "5"]
[White "Kaman, Laszlo"]
[Black "Ragats, Jozsef"]
[Result "1-0"]
[WhiteElo "2224"]
[BlackElo "2141"]
[PlyCount "61"]
[EventDate "2003.09.28"]
[EventType "team"]
[EventRounds "11"]
[EventCountry "HUN"]
[SourceTitle "EXT 2009"]
[Source "ChessBase"]
[SourceDate "2008.11.26"]
[SourceVersion "1"]
[SourceVersionDate "2008.11.26"]
[SourceQuality "1"]
[WhiteTeam "Lenti"]
[BlackTeam "Nagykanizsa II"]
[WhiteTeamCountry "HUN"]
[BlackTeamCountry "HUN"]

1. d4 Nf6 2. Nf3 c5 3. c3 b6 4. Bf4 Bb7 5. e3 d6 6. Bc4 e6 7. Nbd2 Be7 8. Qe2 d5 9. Bd3 Ne4 10. Nxe4 dxe4 11. Bb5+ Kf8 12. Nd2 a6 13. Ba4 Nd7 14. Bc2 f5 15. f3 Nf6 16. fxe4 fxe4 17. 0-0 Qe8 18. Be5 Qg6 19. Rf4 Ke8 20. Bxf6 gxf6 21. Bxe4 Bxe4 22. Nxe4 f5 23. Nd2 Bd6 24. Rf2 Qh6 25. Nf3 Rg8 26. e4 fxe4 27. Qxe4 Ra7 28. Qc6+ Rd7 29. Qxb6 Qe3 30. Re1 Qh6 31. dxc5 1-0

[Event "HUN-chT2 Szechenyi 0304"]
[Site "Hungary"]
[Date "2003.11.30"]
[Round "4"]
[White "Kaman, Laszlo"]
[Black "Jonas, Zsolt"]
[Result "0-1"]
[WhiteElo "2224"]
[BlackElo "2114"]
[PlyCount "138"]
[EventDate "2003.09.28"]
[EventType "team"]
[EventRounds "11"]
[EventCountry "HUN"]
[SourceTitle "EXT 2009"]
[Source "ChessBase"]
[SourceDate "2008.11.26"]
[SourceVersion "1"]
[SourceVersionDate "2008.11.26"]
[SourceQuality "1"]
[WhiteTeam "Lenti"]
[BlackTeam "Lovo"]
[WhiteTeamCountry "HUN"]
[BlackTeamCountry "HUN"]

1. d4 Nf6 2. Nf3 e6 3. Bf4 d5 4. e3 Be7 5. c3 0-0 6. Bd3 c5 7. Nbd2 Nc6 8. Ne5 Bd6 9. Nxc6 bxc6 10. Bxd6 Qxd6 11. 0-0 Rb8 12. Rb1 e5 13. dxe5 Qxe5 14. Qa4 Qc7 15. h3 c4 16. Bc2 Rb5 17. b4 Bd7 18. Qa3 a5 19. Nf3 axb4 20. cxb4 Rfb8 21. Nd4 R5b7 22. Qc3 Qe5 23. a3 Qg5 24. Nf3 Qh5 25. Qe5 Re8 26. Qxh5 Nxh5 27. Nd4 Nf6 28. Rfd1 Ra8 29. Ra1 g6 30. Rdb1 Rba7 31. a4 Rb8 32. Ra2 Rab7 33. a5 c5 34. a6 Rxb4 35. a7 Ra8 36. Ne2 Kg7 37. Rba1 Rb7 38. Ra5 Be6 39. Rxc5 Rbxa7 40. Rd1 Ra2 41. Nd4 Ra1 42. Kf1 Ne4 43. Rc7 Kf6 44. f3 Nc3 45. Re1 R1a7 46. Rc6 Rc8 47. Rd6 h5 48. Rc1 Ra3 49. Re1 Rc5 50. Rb6 Raa5 51. Rc1 Nb5 52. Ne2 Na3 53. Bd1 Rcb5 54. Rc6 Rb1 55. Rxb1 Nxb1 56. Kf2 Ra2 57. Ke1 Ke7 58. Rb6 Bf5 59. e4 dxe4 60. Rxb1 exf3 61. Rb7+ Kf6 62. gxf3 Bxh3 63. Rc7 Be6 64. Kf2 Ke5 65. Ke1 h4 66. f4+ Kd6 67. Rb7 h3 68. Nc3 Ra3 69. Nb5+ Kc6 0-1

[Event "HUN-chT2 Szechenyi 0304"]
[Site "Hungary"]
[Date "2003.11.16"]
[Round "3"]
[White "Foki, Robert"]
[Black "Kaman, Laszlo"]
[Result "0-1"]
[WhiteElo "1815"]
[BlackElo "2224"]
[PlyCount "114"]
[EventDate "2003.09.28"]
[EventType "team"]
[EventRounds "11"]
[EventCountry "HUN"]
[SourceTitle "EXT 2009"]
[Source "ChessBase"]
[SourceDate "2008.11.26"]
[SourceVersion "1"]
[SourceVersionDate "2008.11.26"]
[SourceQuality "1"]
[WhiteTeam "Arboretum"]
[BlackTeam "Lenti"]
[WhiteTeamCountry "HUN"]
[BlackTeamCountry "HUN"]

1. d4 d6 2. c4 Nf6 3. Nc3 Nbd7 4. Nf3 e5 5. Qc2 c6 6. e3 Be7 7. Bd3 Qc7 8. 0-0 0-0 9. b3 Re8 10. Ng5 Nf8 11. dxe5 dxe5 12. Nge4 N8d7 13. Bb2 h6 14. Ng3 Nc5 15. Nce4 Nxd3 16. Nxf6+ Bxf6 17. Qxd3 e4 18. Qc2 Bxb2 19. Qxb2 Be6 20. Rfd1 f5 21. Nh5 Rad8 22. c5 Qf7 23. Nf4 g5 24. Ne2 f4 25. exf4 gxf4 26. Rxd8 Rxd8 27. Qe5 f3 28. Nf4 Bf5 29. g3 Qd7 30. h4 Qd4 31. Qxd4 Rxd4 32. Kf1 Rd2 33. Ke1 Rc2 34. Rd1 Rxc5 35. Rd8+ Kg7 36. Kd2 a5 37. a4 b5 38. Rb8 bxa4 39. bxa4 Rc4 40. Rb7+ Kf6 41. Rc7 Ke5 42. Re7+ Kd4 43. Ne6+ Bxe6 44. Rxe6 Rxa4 45. Rd6+ Ke5 46. Rxc6 Ra2+ 47. Ke1 a4 48. Rxh6 Re2+ 49. Kf1 a3 50. Rh5+ Kd4 51. Ra5 a2 52. Kg1 Re1+ 53. Kh2 a1Q 54. Rxa1 Rxa1 55. h5 e3 56. h6 exf2 57. h7 Ra8 0-1

[Event "HUN-chT2 Charousek 0203"]
[Site "Hungary"]
[Date "2003.03.23"]
[Round "9.7"]
[White "Kaman, Laszlo"]
[Black "Koczka, Zsolt"]
[Result "1/2-1/2"]
[WhiteElo "2250"]
[BlackElo "2228"]
[PlyCount "95"]
[EventDate "2002.09.22"]
[EventType "team"]
[EventRounds "11"]
[EventCountry "HUN"]
[SourceTitle "EXT 2004"]
[Source "ChessBase"]
[SourceDate "2003.11.25"]
[SourceVersion "1"]
[SourceVersionDate "2003.11.25"]
[SourceQuality "1"]
[WhiteTeam "Lenti"]
[BlackTeam "Matador"]
[WhiteTeamCountry "HUN"]
[BlackTeamCountry "HUN"]

1. d4 e6 2. Nf3 d5 3. Bf4 Bd6 4. Ne5 Nf6 5. e3 0-0 6. Bd3 c5 7. c3 Nc6 8. Nd2 Qc7 9. Ndf3 h6 10. g4 Nd7 11. g5 Ndxe5 12. Bxe5 Bxe5 13. dxe5 h5 14. g6 Nxe5 15. Nxe5 Qxe5 16. gxf7+ Rxf7 17. Bg6 Rf6 18. Qxh5 Qxh5 19. Bxh5 e5 20. 0-0-0 Be6 21. Rd2 d4 22. exd4 exd4 23. cxd4 Bxa2 24. dxc5 Rf5 25. b4 Bd5 26. Bg4 Bxh1 27. Bxf5 a5 28. b5 a4 29. Be6+ Kf8 30. Bd5 Bxd5 31. Rxd5 Ra5 32. Kb2 Rxb5+ 33. Ka3 Ra5 34. Kb4 Ra6 35. Rd3 Ke7 36. Ra3 Rf6 37. f3 Rf4+ 38. Kb5 Kd7 39. Rxa4 Rxf3 40. Rd4+ Kc7 41. h4 Rb3+ 42. Kc4 Rg3 43. Kd5 Rg1 44. Re4 Rd1+ 45. Ke6 Kc6 46. Re5 g6 47. Kf6 Rh1 48. Kg5 1/2-1/2

[Event "HUN-chT2 Charousek 0203"]
[Site "Hungary"]
[Date "2002.12.08"]
[Round "4.6"]
[White "Kaman, Laszlo"]
[Black "Bardoczy, Karoly"]
[Result "1-0"]
[WhiteElo "2250"]
[BlackElo "2030"]
[PlyCount "67"]
[EventDate "2002.09.22"]
[EventType "team"]
[EventRounds "11"]
[EventCountry "HUN"]
[SourceTitle "EXT 2004"]
[Source "ChessBase"]
[SourceDate "2003.11.25"]
[SourceVersion "1"]
[SourceVersionDate "2003.11.25"]
[SourceQuality "1"]
[WhiteTeam "Lenti"]
[BlackTeam "Vizugy"]
[WhiteTeamCountry "HUN"]
[BlackTeamCountry "HUN"]

1. d4 Nf6 2. Nf3 g6 3. Bf4 Bg7 4. Nc3 d6 5. e4 0-0 6. Qd2 c6 7. 0-0-0 a6 8. h3 b5 9. e5 Nd5 10. Nxd5 cxd5 11. Bh6 Nc6 12. h4 f6 13. h5 Bxh6 14. Qxh6 g5 15. e6 Bxe6 16. Bd3 Rf7 17. Nxg5 fxg5 18. Qxe6 Qf8 19. Bg6 Re8 20. Qxd5 Nd8 21. Bxf7+ Nxf7 22. Qe6 Qh6 23. Qxh6 Nxh6 24. Rhe1 e6 25. Rd3 g4 26. Ra3 Ra8 27. Rxe6 Nf5 28. Rf6 Nxd4 29. Rxd6 Ne2+ 30. Kd2 Nf4 31. Rg3 Nxh5 32. Rxg4+ Kf7 33. Rgd4 a5 34. Rd8 1-0